[Event "TCh-CRO Women"]
[Site "Sibenik CRO"]
[Date "2010.09.11"]
[Round "8"]
[White "Solic,K"]
[Black "Jelica,M"]
[Result "1/2-1/2"]
[WhiteElo "2225"]
[BlackElo "2211"]
[EventDate "2010.09.04"]

1. Nf3 Nf6 2. c4 c5 3. d4 cxd4 4. Nxd4 Nc6 5. Nc3 g6 6. e4 Bg7 7. Be3 O-O
8. Be2 d6 9. O-O Bd7 10. Qd2 Qa5 11. f3 Rfc8 12. Rfc1 a6 13. a3 Nxd4 14.
Bxd4 Be6 15. b4 Qd8 16. Na4 Nd7 17. Bxg7 Kxg7 18. Qd4+ Kg8 19. f4 Rab8 20.
Nc3 b6 21. Bd3 f6 22. Nd5 a5 23. Be2 Kg7 24. Rd1 1/2-1/2

[Event "TCh-CRO Women"]
[Site "Sibenik CRO"]
[Date "2010.09.11"]
[Round "8"]
[White "Djeno,S"]
[Black "Svaljek,R"]
[Result "1/2-1/2"]
[WhiteElo "2045"]
[BlackElo "2007"]
[EventDate "2010.09.04"]

1. e4 e6 2. d4 d5 3. Nc3 dxe4 4. Nxe4 Bd7 5. Bd3 Bc6 6. Nf3 Bxe4 7. Bxe4 c6
8. O-O Nf6 9. Bd3 Nbd7 10. c4 Be7 11. Re1 O-O 12. Bf4 Re8 13. Qc2 Nf8 14.
Rad1 Qa5 15. Bd2 Qc7 16. Ne5 Ng6 17. Bxg6 hxg6 18. Bf4 Qa5 19. Bd2 Qc7 20.
Bf4 Qa5 21. c5 Nd5 22. Nc4 Qa6 23. Bd6 Bf6 24. Be5 Be7 25. Bd6 Bf6 26. a3
Rad8 27. g3 Ne7 28. Be5 Rd5 29. Nd6 Rf8 30. Re3 Bxe5 31. dxe5 b6 32. Rxd5
Nxd5 33. Re4 bxc5 34. Ra4 Qb6 35. Nc4 Qb8 36. Ra5 Nb6 37. Rxc5 Nxc4 38.
Rxc4 Qxe5 39. Rxc6 Qb8 40. b3 Rd8 41. Rc7 a6 42. Qc4 Qb6 43. Qf4 Rf8 44. b4
a5 45. Qc4 axb4 46. axb4 e5 47. b5 e4 48. Rc6 Qa5 49. Rxg6 Qe1+ 50. Kg2 e3
51. fxe3 Qxe3 52. Rc6 Qd2+ 53. Kh3 Qg5 54. b6 Qf5+ 55. Qg4 Qf1+ 56. Kh4 Qg2
57. Qd7 Qxh2+ 58. Kg4 Qe2+ 59. Kh3 Qh5+ 60. Kg2 1/2-1/2

[Event "TCh-CRO Women"]
[Site "Sibenik CRO"]
[Date "2010.09.11"]
[Round "8"]
[White "Peronja,D"]
[Black "Novak,Ks"]
[Result "0-1"]
[WhiteElo "1741"]
[BlackElo "2176"]
[EventDate "2010.09.04"]

1. e4 d6 2. d4 Nf6 3. Nd2 e5 4. Ngf3 Nbd7 5. Bc4 Be7 6. O-O O-O 7. Re1 c6
8. Bb3 b5 9. a4 Bb7 10. c3 a6 11. Bc2 c5 12. d5 c4 13. Nf1 Nc5 14. Ng3 g6
15. Bh6 Re8 16. h3 Nfd7 17. Qd2 Bf8 18. h4 Qe7 19. h5 Bxh6 20. Qxh6 Qf8 21.
Qxf8+ Kxf8 22. Kh2 Nb6 23. a5 Nba4 24. Bxa4 Nxa4 25. Rab1 Nc5 26. hxg6 hxg6
27. Ra1 Kg7 28. Kg1 Rad8 29. Kf1 Bc8 30. Nd2 f5 31. f3 Rh8 32. Ke2 Nd3 33.
Reb1 Rh2 34. Kf1 Nf4 35. Re1 Rdh8 36. Nxf5+ gxf5 37. g3 Rh1+ 38. Kf2 R8h2+
39. Ke3 Ng2+ 0-1

[Event "TCh-CRO Women"]
[Site "Sibenik CRO"]
[Date "2010.09.11"]
[Round "8"]
[White "Ascic,I"]
[Black "Ostojic,K"]
[Result "1-0"]
[WhiteElo "2007"]
[BlackElo "1729"]
[EventDate "2010.09.04"]

1. e4 e5 2. Nf3 Nc6 3. Bb5 a6 4. Ba4 Nf6 5. d3 b5 6. Bb3 h6 7. O-O Be7 8.
c3 O-O 9. Re1 Re8 10. Nbd2 Bc5 11. h3 Bb6 12. Nf1 d5 13. Qe2 Bb7 14. Ng3
dxe4 15. dxe4 Na5 16. Bc2 Nc4 17. Nf5 Nd6 18. Nxd6 Qxd6 19. Nh4 Bc8 20. Qf3
Nh7 21. Nf5 Bxf5 22. exf5 Qf6 23. a4 bxa4 24. Rxa4 Ng5 25. Qe2 a5 26. h4
Nh7 27. Be3 Rad8 28. Bc1 Rd6 29. Re4 Qxf5 30. Rxe5 Qxe5 31. Qxe5 Rxe5 32.
Rxe5 Nf6 33. Bb3 Kf8 34. Kf1 Ng4 35. Re2 Nxf2 36. Rxf2 Bxf2 37. Kxf2 Rf6+
38. Ke2 Rd6 39. Ba4 Rg6 40. Kf3 Re6 41. g3 Ke7 42. Bf4 Kd8 43. c4 Kc8 44.
Bd2 Ra6 45. Bc3 Rg6 46. Bxa5 Ra6 47. b4 c5 48. Bb5 Rf6+ 49. Ke4 cxb4 50.
Bxb4 Re6+ 51. Kd5 Rg6 52. Bd6 Rf6 53. c5 Rf5+ 54. Kc6 Rf2 55. Kd5 Rf5+ 56.
Ke4 Rf6 57. Kd5 Rf5+ 58. Kc6 Rf2 59. Ba6+ Kd8 60. Kb6 Rb2+ 61. Bb5 Kc8 62.
c6 g5 63. hxg5 hxg5 64. c7 f5 65. Kc6 Rc2+ 66. Bc5 Rxc5+ 67. Kxc5 Kxc7 68.
Kd5 f4 69. g4 1-0

[Event "TCh-CRO Women"]
[Site "Sibenik CRO"]
[Date "2010.09.11"]
[Round "8"]
[White "Marijan,Boni"]
[Black "Grgic,N"]
[Result "1-0"]
[WhiteElo "1537"]
[BlackElo "1661"]
[EventDate "2010.09.04"]

1. e4 e5 2. Nf3 Nc6 3. Bc4 Bc5 4. c3 Nf6 5. d3 d6 6. b4 Bb6 7. a4 a5 8. b5
Ne7 9. h3 h6 10. O-O O-O 11. Be3 c6 12. Qd2 d5 13. Bb3 Ng6 14. exd5 cxd5
15. d4 e4 16. Ne5 Nh4 17. f3 Nf5 18. Bf2 Bc7 19. c4 exf3 20. Nxf3 Ne4 21.
Qd3 Bg3 22. Bxg3 Nfxg3 23. Re1 dxc4 24. Bxc4 Bf5 25. Nbd2 Rc8 26. Ne5 Nxd2
27. Qxd2 Ne4 28. Qe3 Qg5 29. Qxg5 Nxg5 30. Bd5 Rc7 31. Red1 Bc2 32. Rd2 Ne4
33. Rxc2 Rxc2 34. Bxe4 Rc7 35. Bd5 Kh7 36. Rf1 Rd8 37. Be4+ Kg8 38. Rd1 Re7
39. Bc2 Rc8 40. Bf5 Rd8 41. Bc2 Rc7 42. Bb3 Rdc8 43. Nxf7 Rxf7 44. Rf1 Rcc7
45. Bxf7+ Rxf7 46. Rxf7 Kxf7 47. Kf2 Kf6 48. Ke3 g6 49. Ke4 Ke6 50. d5+ Kd6
51. b6 g5 52. g4 Kd7 53. Ke5 Ke7 54. d6+ Kd7 55. Kd5 Kd8 56. Ke6 Ke8 57.
d7+ Kd8 58. Kd6 h5 59. gxh5 g4 60. h6 1-0

[Event "TCh-CRO Women"]
[Site "Sibenik CRO"]
[Date "2010.09.11"]
[Round "8"]
[White "Racki,B"]
[Black "Vasilevich,I"]
[Result "1/2-1/2"]
[WhiteElo "1813"]
[BlackElo "2324"]
[EventDate "2010.09.04"]

1. e4 c5 2. Nf3 e6 3. c3 d5 4. exd5 exd5 5. d4 Nc6 6. Bd3 c4 7. Bc2 Bd6 8.
O-O Nge7 9. Re1 Bg4 10. Nbd2 Qc7 11. Nf1 Bh5 12. Ng3 Bg6 13. Nf5 O-O 14.
Nxd6 Qxd6 15. Ne5 Bxc2 16. Qxc2 f6 17. Nxc6 Nxc6 18. Qf5 Ne7 19. Qf3 Ng6
20. Bd2 f5 21. Re2 f4 22. Qg4 Rf6 23. Rae1 Raf8 24. f3 Rf5 25. Re6 Qd7 26.
h4 R8f7 27. h5 Nf8 28. Re7 Qb5 29. Rxf7 Rxf7 30. Bxf4 Qxb2 31. Bd6 Qb6 32.
Qg3 Qd8 33. Qe5 Rd7 34. Bxf8 Qxf8 35. Qg3 h6 36. Re6 Kh8 37. Qe5 Kh7 38.
Qg3 Re7 39. Qe5 Rxe6 40. Qxe6 Qf4 41. Qxd5 Qc1+ 42. Kh2 Qxc3 43. Qf5+ Kh8
44. Qf8+ Kh7 45. Qf5+ 1/2-1/2

[Event "TCh-CRO Women"]
[Site "Sibenik CRO"]
[Date "2010.09.11"]
[Round "8"]
[White "Bazaj Bockai,S"]
[Black "Tomulic,V"]
[Result "1-0"]
[WhiteElo "2082"]
[BlackElo "1913"]
[EventDate "2010.09.04"]

1. e4 c5 2. Nf3 e6 3. d4 cxd4 4. Nxd4 a6 5. Bd3 Nc6 6. Nxc6 dxc6 7. O-O Bd6
8. f4 e5 9. f5 Nf6 10. Kh1 Bd7 11. Bg5 Qe7 12. Nd2 h6 13. Bh4 b5 14. a4 O-O
15. Qe2 Rfb8 16. axb5 cxb5 17. Nb3 Bc7 18. Ra2 a5 19. Nd2 Qd6 20. g4 Bc6
21. g5 hxg5 22. Bxg5 Kf8 23. Rg1 a4 24. Raa1 Bb6 25. Rg3 Ke7 26. Nf3 b4 27.
Bd2 a3 28. b3 Bd4 29. Ra2 Nh5 30. Rg5 g6 31. fxg6 fxg6 32. Nxd4 exd4 33.
Qg4 Rg8 34. Bc4 Nf6 35. Bxb4 Bxe4+ 36. Kg1 Qxb4 37. Qe6+ Kd8 38. Qxf6+ Kc7
39. Qf7+ Kc6 40. Qe6+ Kc7 41. Qxe4 Rae8 42. Re5 1-0

[Event "TCh-CRO Women"]
[Site "Sibenik CRO"]
[Date "2010.09.12"]
[Round "9"]
[White "Vasilevich,I"]
[Black "Kochetkova,J"]
[Result "1/2-1/2"]
[WhiteElo "2324"]
[BlackElo "2327"]
[EventDate "2010.09.04"]

1. e4 d6 2. f4 c5 3. Nf3 Nc6 4. Bb5 Bd7 5. Nc3 e6 6. d4 cxd4 7. Nxd4 Nxd4
8. Bxd7+ Qxd7 9. Qxd4 Ne7 10. Be3 Nc6 11. Qd3 Be7 12. O-O-O O-O 13. Bc5
1/2-1/2

[Event "TCh-CRO Women"]
[Site "Sibenik CRO"]
[Date "2010.09.12"]
[Round "9"]
[White "Peronja,D"]
[Black "Bazaj Bockai,S"]
[Result "0-1"]
[WhiteElo "1741"]
[BlackElo "2082"]
[EventDate "2010.09.04"]

1. e4 c5 2. Nc3 Nc6 3. g3 g6 4. Bg2 Bg7 5. Nf3 d6 6. O-O Nf6 7. d3 O-O 8.
Bd2 Rb8 9. Rb1 b5 10. a4 b4 11. Ne2 Bg4 12. h3 Bd7 13. Kh2 b3 14. cxb3 Qb6
15. Bc3 Qxb3 16. Qxb3 Rxb3 17. Nd2 Rbb8 18. b3 Rfc8 19. f4 Nb4 20. Nc1 Ng4+
21. hxg4 Bxc3 22. Nc4 Bxg4 23. Ne3 Bd7 24. Rd1 Bd4 25. Re1 Bxe3 26. Rxe3 e5
27. Bh3 Bxh3 28. Kxh3 exf4 29. gxf4 d5 30. Rb2 Rd8 31. Ne2 dxe4 32. dxe4
Nd3 33. Rb1 c4 34. b4 Rxb4 35. Rxb4 Nxb4 36. Kg3 h5 37. Kf2 Rd3 38. Rxd3
cxd3 39. Nd4 Kg7 40. Ke3 h4 41. Kf3 Kh6 42. Nb3 Kh5 43. e5 h3 44. Kg3 h2
45. Kxh2 Kg4 0-1

[Event "TCh-CRO Women"]
[Site "Sibenik CRO"]
[Date "2010.09.12"]
[Round "9"]
[White "Mrakovcic,K"]
[Black "Marijan,Boni"]
[Result "1-0"]
[WhiteElo "1712"]
[BlackElo "1537"]
[EventDate "2010.09.04"]

1. c4 g6 2. g3 d6 3. Bg2 Bg7 4. Nc3 Nc6 5. Nf3 e5 6. O-O Nge7 7. Rb1 O-O 8.
b4 d5 9. cxd5 Nxd5 10. Nxd5 Qxd5 11. a4 a6 12. d3 Ne7 13. Qc2 c6 14. Nd2
Qe6 15. Nc4 Nd5 16. b5 axb5 17. axb5 Rb8 18. Ba3 Re8 19. Nd6 Rd8 20. Nxc8
Rbxc8 21. b6 Nf6 22. Rfc1 Ra8 23. Rb3 Rd4 24. Bxc6 bxc6 25. Qxc6 Re8 26.
Qxe6 fxe6 27. b7 Rdd8 28. Be7 Rb8 29. Bd6 Rbd8 30. Bc7 Rd5 31. Bxe5 Nd7 32.
Rc8 Bxe5 33. Rxe8+ Kf7 34. b8=Q Bxb8 35. Rexb8 Nxb8 36. Rxb8 Kf6 37. Kg2
Ke5 38. Kf3 Kf6 39. h4 Rf5+ 40. Kg4 Kf7 41. f4 h5+ 42. Kf3 Rc5 43. Ke4 Rc2
44. e3 Rg2 45. Kf3 Ra2 46. Rb5 Rd2 47. d4 Kf6 48. Ke4 Rg2 49. Rg5 Rd2 50.
d5 exd5+ 51. Rxd5 Rg2 52. Kf3 Ra2 53. Rd6+ Kf7 54. g4 hxg4+ 55. Kxg4 Rg2+
56. Kf3 Rh2 57. Kg3 Re2 58. Rd3 Re1 59. Rd7+ Kf6 60. Kf3 Rf1+ 61. Ke4 Rh1
62. Rh7 Rh3 63. Kd4 Ke6 64. e4 Ra3 65. Rc7 Rh3 66. Rh7 Ra3 67. h5 gxh5 68.
Rxh5 Ra4+ 69. Ke3 Ra3+ 70. Kf2 Ra4 71. Rh6+ Kf7 72. Kf3 Ra3+ 73. Kg4 Ra4
74. Kf5 1-0

[Event "TCh-CRO Women"]
[Site "Sibenik CRO"]
[Date "2010.09.12"]
[Round "9"]
[White "Cacic,M"]
[Black "Sargac,R"]
[Result "0-1"]
[WhiteElo "1634"]
[BlackElo "2192"]
[EventDate "2010.09.04"]

1. d4 e6 2. c4 b6 3. Nf3 Bb7 4. e3 f5 5. Nc3 Nf6 6. a3 Be7 7. b4 O-O 8. Bb2
Ne4 9. Qc2 Bf6 10. Bd3 Nxc3 11. Bxc3 d6 12. O-O Qe7 13. Qb2 Nd7 14. Rad1 g6
15. Rfe1 Be4 16. Qc2 d5 17. c5 bxc5 18. bxc5 Bxd3 19. Qxd3 Rab8 20. c6 Nb6
21. Bb4 Qe8 22. Bxf8 Kxf8 23. Rc1 Nc4 24. Nd2 Nxd2 25. Qxd2 Rb6 26. Qa5 Qb8
27. Qa4 Be7 28. Rc3 Rb2 29. Rec1 Bd6 30. g3 Ke7 31. R1c2 Rb5 32. Kg2 Qb6
33. Ra2 a5 34. Qc2 Rb1 35. h4 h6 36. Qd2 a4 37. e4 dxe4 38. Qxh6 Qxd4 39.
Rcc2 e3 40. Qh7+ Kf8 41. Qh6+ Kf7 42. Qh7+ Qg7 43. Qxg7+ Kxg7 44. fxe3 Rb3
45. Kf3 e5 46. Rc4 f4 47. gxf4 exf4 48. Rxa4 Rxe3+ 49. Kg2 Rg3+ 50. Kf1 Rc3
51. Ra6 f3 52. Rd2 Bc5 53. Rd1 Rc2 54. Ra4 Rf2+ 55. Ke1 Re2+ 56. Kf1 Rh2
57. Rdd4 Ra2 58. Ke1 Ra1+ 59. Kf2 Rd1 60. Kxf3 Rxd4 61. Rxd4 Bxd4 62. Ke4
Bf2 63. a4 Bxh4 64. a5 Bf2 65. a6 Kf6 66. Kf3 Ba7 67. Kf4 g5+ 68. Kg4 Kg6
69. Kg3 Kf5 70. Kf3 g4+ 71. Kg3 Kg5 72. Kg2 Kf4 73. Kh2 Kf3 74. Kh1 Kf2 0-1

[Event "TCh-CRO Women"]
[Site "Sibenik CRO"]
[Date "2010.09.12"]
[Round "9"]
[White "Novak,Ks"]
[Black "Jelica,M"]
[Result "0-1"]
[WhiteElo "2176"]
[BlackElo "2211"]
[EventDate "2010.09.04"]

1. g3 d5 2. Bg2 c5 3. c4 Nf6 4. cxd5 Nxd5 5. Nc3 Nxc3 6. dxc3 Qc7 7. Nf3
Nc6 8. Be3 e6 9. O-O Be7 10. Qc2 O-O 11. Ng5 g6 12. Rad1 Bd7 13. Ne4 b6 14.
Bh6 Rfd8 15. Qc1 Rac8 16. Bg5 Qe5 17. f4 Qg7 18. Bxe7 Nxe7 19. Nd6 Ba4 20.
b3 Be8 21. Nxc8 Rxc8 22. c4 Nf5 23. e3 Qf6 24. Rd3 h5 25. Rfd1 h4 26. g4
Ng7 27. Qd2 e5 28. Rd6 Qe7 29. Rd8 Rxd8 30. Qxd8 Qe6 31. Qxh4 exf4 32. exf4
Qe2 33. Re1 Qxa2 34. Qd8 Qxb3 35. Rxe8+ Nxe8 36. Qxe8+ Kg7 37. Bd5 Qd1+ 38.
Kf2 Qd4+ 39. Qe3 Qd1 40. h3 a5 41. Qe5+ Kf8 42. g5 Qd2+ 43. Kg3 Qd3+ 44.
Kh4 Qd4 45. Kg3 Qg1+ 46. Bg2 a4 47. f5 gxf5 48. Qh8+ Ke7 49. Qf6+ Kf8 50.
Qxf5 a3 51. Qf3 Qe1+ 52. Kh2 Qe5+ 53. Kh1 Qa1+ 54. Bf1 Kg7 55. g6 fxg6 56.
Qf4 Qf6 57. Qc7+ Kh6 0-1

[Event "TCh-CRO Women"]
[Site "Sibenik CRO"]
[Date "2010.09.12"]
[Round "9"]
[White "Djeno,S"]
[Black "Ascic,I"]
[Result "1/2-1/2"]
[WhiteElo "2045"]
[BlackElo "2007"]
[EventDate "2010.09.04"]

1. e4 c5 2. Nf3 e6 3. d4 cxd4 4. Nxd4 a6 5. Nc3 d6 6. Be2 b5 7. Be3 Bb7 8.
f3 Nd7 9. O-O Rc8 10. Qd2 Ngf6 11. Rac1 Be7 12. Kh1 O-O 13. Rfd1 d5 14.
exd5 Nxd5 15. Nxd5 Bxd5 16. b3 Nb6 17. c3 Qc7 18. Rc2 Rfd8 19. Qc1 1/2-1/2

[Event "TCh-CRO Women"]
[Site "Sibenik CRO"]
[Date "2010.09.12"]
[Round "9"]
[White "Grgic,N"]
[Black "Detelic,M"]
[Result "1-0"]
[WhiteElo "1661"]
[BlackElo "1863"]
[EventDate "2010.09.04"]

1. e4 c5 2. Nf3 Nc6 3. d4 cxd4 4. Nxd4 d6 5. c4 Nf6 6. Nc3 g6 7. Be3 Bg7 8.
Be2 O-O 9. O-O Bd7 10. Qd2 Ng4 11. Bxg4 Bxg4 12. f4 Bd7 13. Kh1 f5 14. exf5
Bxf5 15. Nxf5 Rxf5 16. g4 Rf7 17. Ne4 h6 18. Ng3 Qd7 19. f5 g5 20. Nh5 Ne5
21. Qe2 Qc6+ 22. Kg1 Qxc4 23. Qxc4 Nxc4 24. Bc1 Bd4+ 25. Kg2 Rc8 26. Rb1
Ne3+ 27. Bxe3 Bxe3 28. Kf3 Bd4 29. Rfc1 Rff8 30. b3 Rc6 31. Rxc6 bxc6 32.
Rc1 c5 33. Re1 Be5 34. Ng3 Rb8 35. h3 Rb4 36. Ne4 Bg7 37. Nf2 Kf7 38. Nd3
Rd4 39. Ke3 a5 40. Kd2 a4 41. Kc2 c4 42. Nf2 axb3+ 43. axb3 cxb3+ 44. Kxb3
Rf4 45. Re2 Rf3+ 46. Kc4 Rc3+ 47. Kb4 Be5 48. Rxe5 dxe5 49. Kxc3 e6 50.
fxe6+ Kxe6 51. Kd3 Kf6 52. Ke4 Kg6 53. Kxe5 h5 54. Ne4 hxg4 55. hxg4 Kh6
56. Kf6 Kh7 57. Nxg5+ Kh8 58. Nf7+ Kh7 59. g5 Kg8 60. g6 Kf8 1-0

[Event "TCh-CRO Women"]
[Site "Sibenik CRO"]
[Date "2010.09.12"]
[Round "9"]
[White "Srebrnic,A"]
[Black "Macek,V"]
[Result "1/2-1/2"]
[WhiteElo "2227"]
[BlackElo "2213"]
[EventDate "2010.09.04"]

1. Nf3 d5 2. d4 Nf6 3. c4 c6 4. cxd5 cxd5 5. Nc3 a6 6. Bf4 e6 7. e3 Be7 8.
Bd3 O-O 9. O-O Nc6 10. Rc1 Bd7 1/2-1/2